Un hombre libre /

En una decisión sabia, que significó un tributo para la patria, el plenario de la Asamblea Legislativa (Período Legislativo Constitucional 1994-1998), acordó concederle el benemeritazgo de la Patria a uno de los pensadores más lúcidos con que ha contado Costa Rica en la segunda mitad de este siglo,...

Täydet tiedot

Tallennettuna:
Bibliografiset tiedot
Päätekijä: Urcuyo Fournier, Constantino
Aineistotyyppi: Teksti
Aiheet:
Tagit: Lisää tagi
Ei tageja, Lisää ensimmäinen tagi!

MARC

LEADER 00000 a a2200000 04500
001 17083
003
040
100 |a Urcuyo Fournier, Constantino  
245 |a Un hombre libre /  |c Constantino Urcuyo Fournier 
520 |a En una decisión sabia, que significó un tributo para la patria, el plenario de la Asamblea Legislativa (Período Legislativo Constitucional 1994-1998), acordó concederle el benemeritazgo de la Patria a uno de los pensadores más lúcidos con que ha contado Costa Rica en la segunda mitad de este siglo, me refiero al filósofo Constantino Láscariz Comneno Nicolaw. El proyecto había sido avalado por la Comisión de Honores de la Asamblea Legislativa el 1 de mayo de 1996, a raíz de una iniciativa presentada por el ex diputado y Expresidente de la Asamblea, don Saúl Weisleder Weisleder y por quien escribe. REV//JMML  
650 |a EDUCACION SUPERIOR  
650 |a FILOSOFIA  
650 |a DEMOCRACIA  
650 |a PARLAMENTO  
773 |g volumen 6, número 2; páginas 35-40  
999 |c 23811  |d 23811